<?xml version="1.0" encoding="UTF-8"?><?xml-stylesheet type="text/xsl" href="static/style.xsl"?><OAI-PMH xmlns="http://www.openarchives.org/OAI/2.0/" xmlns:xsi="http://www.w3.org/2001/XMLSchema-instance" xsi:schemaLocation="http://www.openarchives.org/OAI/2.0/ http://www.openarchives.org/OAI/2.0/OAI-PMH.xsd"><responseDate>2026-04-17T05:51:13Z</responseDate><request verb="GetRecord" identifier="oai:www.recercat.cat:2072/415740" metadataPrefix="marc">https://recercat.cat/oai/request</request><GetRecord><record><header><identifier>oai:recercat.cat:2072/415740</identifier><datestamp>2025-11-16T03:35:05Z</datestamp><setSpec>com_2072_98</setSpec><setSpec>col_2072_378192</setSpec></header><metadata><record xmlns="http://www.loc.gov/MARC21/slim" xmlns:dcterms="http://purl.org/dc/terms/" xmlns:xsi="http://www.w3.org/2001/XMLSchema-instance" xmlns:doc="http://www.lyncode.com/xoai" xsi:schemaLocation="http://www.loc.gov/MARC21/slim http://www.loc.gov/standards/marcxml/schema/MARC21slim.xsd">
   <leader>00925njm 22002777a 4500</leader>
   <datafield ind2=" " ind1=" " tag="042">
      <subfield code="a">dc</subfield>
   </datafield>
   <datafield ind2=" " ind1=" " tag="720">
      <subfield code="a">Hernández-Tejada, Melba A.</subfield>
      <subfield code="e">author</subfield>
   </datafield>
   <datafield ind2=" " ind1=" " tag="720">
      <subfield code="a">Acierno, Ron</subfield>
      <subfield code="e">author</subfield>
   </datafield>
   <datafield ind2=" " ind1=" " tag="720">
      <subfield code="a">Sánchez-Carracedo, David</subfield>
      <subfield code="e">author</subfield>
   </datafield>
   <datafield ind2=" " ind1=" " tag="260">
      <subfield code="c">2017</subfield>
   </datafield>
   <datafield ind2=" " ind1=" " tag="520">
      <subfield code="a">Posttraumatic stress disorder (PTSD) is a significant problem for combat veterans. Fortunately, effective treatments, such as Prolonged Exposure (PE), are available and widely disseminated in the Veterans Affairs (VA) health-care system. Nonetheless, despite well-documented effectiveness, attrition remains high at approximately 30% across evidence-based interventions. Early studies indicated that dropout was largely related to stigma and logistical barriers (e.g., travel time and cost). However, research demonstrates that eliminating these logistical and stigmabased barriers (e.g., through home-based telemedicine) has little effect on dropout. We surveyed 82 veterans who dropped out of PE treatment regarding reasons for leaving treatment. Approximately half indicated that in vivo homework assignments caused significant problems, and when asked to consider the possibility of peer support during in vivo exposure assignments, 52% indicated that they would consider returning to treatment with such assistance. In response to this feedback, we constructed an in vivo therapy peer support program wherein peers are directly involved with in vivo exposure exercises. The following brief report presents the rationale for, outline of, and initial feasibility data supporting this program to enhance both return to, and completion of, exposure therapy treatment for PTSD</subfield>
   </datafield>
   <datafield tag="653" ind2=" " ind1=" ">
      <subfield code="a">Posttraumatic stress disorder</subfield>
   </datafield>
   <datafield tag="653" ind2=" " ind1=" ">
      <subfield code="a">PTSD</subfield>
   </datafield>
   <datafield tag="653" ind2=" " ind1=" ">
      <subfield code="a">Peer</subfield>
   </datafield>
   <datafield tag="653" ind2=" " ind1=" ">
      <subfield code="a">Social support</subfield>
   </datafield>
   <datafield tag="653" ind2=" " ind1=" ">
      <subfield code="a">Dropout</subfield>
   </datafield>
   <datafield tag="653" ind2=" " ind1=" ">
      <subfield code="a">Prolonged Exposure therapy</subfield>
   </datafield>
   <datafield ind2="0" ind1="0" tag="245">
      <subfield code="a">Addressing dropout from prolonged exposure : feasibility of involving peers during exposure trials</subfield>
   </datafield>
</record></metadata></record></GetRecord></OAI-PMH>